Statistics for World Cup Teams by Top 3 Appearances

Click here to take the quiz!

General Stats

  • This quiz has been taken 47 times
  • The average score is 17 of 20

Answer Stats

PlaceAppearancesAnswer% Correct
2nd9Brazil
98%
1st12Germany
98%
3rd7Italy
98%
6th4Netherlands
98%
14th1Spain
95%
8th2Uruguay
95%
4th5Argentina
93%
13th1England
93%
7th3Sweden
93%
17th1Belgium
90%
5th5France
90%
19th1Chile
85%
16th1Portugal
85%
9th2Hungary
78%
18th1USA
76%
12th2Poland
73%
11th2Croatia
66%
15th1Austria
56%
20th1Turkey
56%
10th2Czech Republic
54%

Score Distribution

Percentile by Number Answered

Percent of People with Each Score

Your Score History

You have not taken this quiz